Eliminate Countries #3 - Statistics

General Stats
  • This quiz has been taken 3,161 times
  • The average score is 17 of 25
Answer Stats
Pct? Eliminate... Country/Countries % Correct
99 Country with the capital Bissau Guinea-Bissau
100%
94 Countries NOT in Africa Solomon Islands | Pakistan | Papua New Guinea | Afghanistan | Haiti | Yemen | Syria
83%
90 African island countries Comoros | Madagascar
82%
89 Countries that border Tanzania Mozambique | Malawi | Democratic Republic of the Congo | Burundi | Rwanda | Uganda
82%
88 Country where the city Lagos is located Nigeria
81%
87 Country that is also the name of a lake in Central Africa Chad
73%
84 Countries that border Somalia Ethiopia | Djibouti
72%
85 Country located entirely within South Africa Lesotho
72%
86 Country where Mount Kilimanjaro is located Tanzania
72%
84 Country with the capital Conakry, where the epicenter of the 2014 ebola outbreak was Guinea
70%
83 Country located directly south of Egypt Sudan
70%
80 Countries that border Ghana Ivory Coast | Burkina Faso | Togo
67%
81 The country where Victoria Falls is located Zimbabwe
67%
79 Country with the capital Niamey Niger
66%
79 Country where Timbuktu is located Mali
65%
78 Newest country in Africa South Sudan
65%
77 Country that only borders Senegal Gambia
62%
78 Country which has a capital named after a US President Liberia
62%
76 Country with the capital Yaounde Cameroon
61%
75 Country that borders Western Sahara Mauritania
60%
76 Country with the capital Freetown Sierra Leone
60%
74 Country that borders Sudan, Ethiopia, and Djibouti Eritrea
59%
71 Country that borders Mauritania and Guinea-Bissau Senegal
58%
68 The remaining country that is landlocked Central African Republic
54%
What is the final country? Benin
38%
No matching quizzes found
Score Distribution
Percent of People with Each Score
Percentile by Number Answered
Your Score History
You have not taken this quiz